000 01105cam a2200217 4500
001 J122425
008 030528n2003 000 0 eng u
035 _a(Sirsi) u122425
041 _aeng.
050 _a333.336
_c18
110 _aUnited Kingdom
_bOffice of the Deputy Prime Minister
245 _aCommercial and industrial property vacancy statistics England 1991-92 and 2000-01
260 _bODPM
_c2003
520 _aThese are the first statistics providing vacancy rates for commercial and industrial properties in English local authorities. As further work is to be carried out to improve them, they are released as 'experimental statistics'. The figures are derived from the amount of relief given on business rates for empty properties in each local authority as reported to ODPM by the annual National Non Domestic Rates 3 return.
650 _aSTATISTICS
650 _aVACANCY RATES
650 _aINDUSTRIAL PROPERTY
690 _aPROPERTY-COMMERCIAL PROPERTY
856 _uhttps://www.planning.odpm.gov.uk/vscipees/index.htm
_zView the statistics on ODPM's website...
942 _n0
999 _c102837
_d102837